zpět

Detail výsledku týmu

A-Sport, Hradec Králové

Datum a čas kvízu

32.5 Celkem bodů Celkový počet nahraných bodů na tomto kvízu bez doplňovacích otázek.
10. Pořadí na kvízu Konečné umístění týmu na tomto kvízu.

Zaznamenané odpovědi

# Otázka Odpověď Body Výsledky
1. Jakou přezdívku si vysloužilo... Varle 1
2. V italském městě Pesaro nechal... Luciano Pavarotti 1
3. Spousta z vás si jistě minulý... Bad Bunny 0
4. Která společnost vyhrála minul... Netflix 1
5. Ve kterém městě se minulý týde... ve Washingtonu 1
6. Jak jinak začít toto téma, než... žlutý trpaslík 1
7. Další otázku věnujme Zemi. Jed... 6378 km 1
8. Nyní se podíváme na planety, c... Merkur; Venuše 1
9. Na řadě je rychlost planet. Co... B 0
10. Přiřaďte názvy těchto čtyř pla... 1B; 2D; 3C; 4A 0